| 000 | 00685nam a2200229Ia 4500 | ||
|---|---|---|---|
| 003 | OSt | ||
| 005 | 20220925212456.0 | ||
| 006 | a|||||r|||| 00| 0 | ||
| 007 | ta | ||
| 008 | 220923b |||||||| |||| 00| 0 eng d | ||
| 037 | _cGeneral Book | ||
| 040 |
_aRTL _cRTL _beng |
||
| 041 |
_2eng _aeng |
||
| 082 | _aD6,9(B).3.N7, L1 | ||
| 100 |
_aMoonman Eric Ed. _9123401 |
||
| 245 | 0 |
_aBritish computers and industrial innovation _bThe im |
|
| 260 |
_aLondon _bAllen & Unwin UK _c1971 |
||
| 300 |
_axx, 126p. Appendix p. 75-126 _ccm. |
||
| 650 |
_aComputer Sicence _9244850 |
||
| 942 |
_hD6,9(B).3.N7, L1 _cGB _2CC |
||
| 999 |
_c560472 _d560472 |
||